| 000 | 00927nam a22001815i 4500 | ||
|---|---|---|---|
| 001 | 167802 | ||
| 003 | ES-MaACL | ||
| 005 | 20230906213610.0 | ||
| 008 | 990421s1879 fr |||| | fre d | ||
| 040 |
_aCCPB | B _bspa _cCCPB | B |
||
| 100 | 1 |
_aVossion, Louis. _9133830 |
|
| 245 | 1 | 0 |
_aRapport sur la possibilite d'etablir des relations commerciales entre la France et la Birmanie _b: adresse a M. le marquis de Croizier ... / _cpar Louis Vossion. |
| 260 |
_aParis : _b[s.n.], _c1879 ( _fImprimerie Centrale des Chemins de Fer, A. Chaix et Cie) |
||
| 300 |
_a7 p. ; _c24 cm. |
||
| 594 | 1 | _aPrecede al tit.: Societe Academique Indo-Chinoise de France pour l'etude scientifique et economique de l'Inde transgangetique, de l'Inde française et de la Malaisie. | |
| 651 | 4 |
_aFrancia- _xComercio exterior- _zBirmania. _9137168 |
|
| 852 |
_aES-MaACL _jT-378-F-31 _z-- Enc. hol., falto de la cub. original _z-- Enc. en un vol. facticio |
||
| 999 |
_c167802 _d167802 |
||